00685cam a2200181 a 450000100100000000500170001000800410002704000250006808200190009310000280011224500790014026000450021930000210026465000360028565000480032195201170036999900170048600001139620200929162436.0820908s1981 pr 000 p spa  aDO-SdBNPbspacBNPHU aPR861.44bR5861 aRios Colon, Luis92701610aBuscando un puerto :bPoemas y un trabajo en prosa /cLuis Ríos Colón. aCarolina (Puerto Rico) :bRaices,c1981. a120 p. ;c19 cm. 4aPoesía puertorriqueña91015 4aLiteratura puertorriqueñaySIGLO XX95311 001050718MOaGRbGRcHDd2009-10-16iLF1l0oPR861.44 R586p11396-10r2020-06-25w2020-06-25y1ZNo se presta c11103d11103